Poemas incendiarios de amor y barricadas: incluye posa-versos
Sparad:
| Huvudupphovsman: | |
|---|---|
| Materialtyp: | Bok |
| Språk: | spanska |
| Publicerad: |
Villa Alemana
Ediciones Barrancas
2015
|
| Upplaga: | 1a. ed |
| Ämnen: | |
| Taggar: |
Lägg till en tagg
Inga taggar, Lägg till första taggen!
|
MARC
| LEADER | 00000cam a2200000 a 4500 | ||
|---|---|---|---|
| 001 | UCE9049 | ||
| 003 | CL-VaPUC | ||
| 008 | 150928e20150000cl |||||||||||||||||spa|d | ||
| 020 | |a 9789563585315 | ||
| 082 | 0 | 4 | |a Ch861 |b DIA |2 21 |
| 100 | 0 | |a Díaz Sánchez, Javier |e author |9 581755 | |
| 245 | 1 | 0 | |a Poemas incendiarios de amor y barricadas: incluye posa-versos |
| 250 | |a 1a. ed | ||
| 300 | |a 84 p | ||
| 942 | |c BK | ||
| 945 | |d 20150928 14:02:00 |a dcastane | ||
| 260 | |a Villa Alemana |b Ediciones Barrancas |c 2015 | ||
| 650 | 0 | |a Poesías chilenas |9 265280 | |
| 650 | 0 | |a Literatura chilena |9 308278 | |
| 583 | |a last modification |c 20150928 14:02:00 |k Rodrigo Vera | ||
| 999 | |c 360776 |d 360774 | ||
| 952 | |0 0 |1 0 |3 erb |4 0 |6 CH_861_000000000000000_DIA_2015 |7 0 |8 A |9 470731 |a BIBHIS |b BIBHIS |i 5200032 |o Ch861 DIA 2015 |p 5200032 |r 2025-01-20 |w 2019-11-23 |y BK |z Catalogado en:20150928 |k HIS | ||